| 000 | 01307 a2200241 4500 | ||
|---|---|---|---|
| 003 | Nust | ||
| 005 | 20221117101158.0 | ||
| 010 | _a 96003272 | ||
| 020 | _a0780334108 (hardcover) | ||
| 020 | _a0819421499 (softcover) | ||
| 040 | _cNust | ||
| 082 | 0 | 0 | _a621.367,WEE |
| 100 | 1 |
_aWeeks, Arthur R. _980043 |
|
| 245 | 1 | 0 |
_aFundamentals of electronic image processing / _cArthur R. Weeks |
| 260 |
_aWashington _bSPIE Optical Engineering Press ; _aNew York : _bIEEE Press, _cc1999. |
||
| 300 |
_axiii, 570 p. : _bill. (some col.), maps ; _c26 cm. |
||
| 440 | 0 |
_aSPIE/IEEE series on imaging science & engineering _999494 |
|
| 505 | _aIntroduction to Electronic Image Processing (Page-1), Transforms used in Electronic Image Processing (Page-40), Image Enhancement by Point Operation (Page-90), Spatial Filtering and Fourier Frequency Methods (Page-121), Nonlinear Image Processing Techniques (Page-173), Color Image Processing (Page-228), Image Geometry and Morphological Filters (Page-294), Image Segmentation and Representation (Page-387), Image Compression (Page-471). | ||
| 650 | 0 | _aImage processing. | |
| 856 | 4 | 2 |
_3Publisher description _uhttp://www.loc.gov/catdir/description/wiley037/96003272.html |
| 856 | 4 | 2 |
_3Table of Contents _uhttp://www.loc.gov/catdir/toc/onix07/96003272.html |
| 942 |
_2ddc _cBK |
||
| 999 |
_c180967 _d180967 |
||